| 000 | 00803nam a2200253Ia 4500 | ||
|---|---|---|---|
| 003 | OSt | ||
| 005 | 20220927103140.0 | ||
| 006 | a|||||r|||| 00| 0 | ||
| 007 | ta | ||
| 008 | 220926b |||||||| |||| 00| 0 eng d | ||
| 024 | _a44902 | ||
| 037 | _cReference Collections | ||
| 040 |
_aRTL _cRTL _beng |
||
| 041 |
_2eng _aeng |
||
| 082 | _a"X:271.1(X).N7, M1/UN" | ||
| 110 |
_aUnited Nations Industrial Development Organisation _9353804 |
||
| 245 | 0 | _aIndustrial processing of natural resources. | |
| 260 |
_aNew _bYork U N USA _c1981 |
||
| 300 |
_a"viii, 78p" _ccm. |
||
| 650 |
_aNatural Resources Economics _9353805 |
||
| 700 |
_aUnited Nations Industrial Development Organisation _9353806 |
||
| 942 |
_h"X:271.1(X).N7, M1/UN" _cCC |
||
| 999 |
_c680987 _d680987 |
||